[Event "25th EY BU16 2015"]
[Site "Porec CRO"]
[Date "2015.09.25"]
[Round "5.28"]
[White "Mulligan, Scott"]
[Black "Zylka, Stanislaw"]
[Result "0-1"]
[WhiteElo "1932"]
[BlackElo "2213"]
[EventDate "2015.09.21"]
[WhiteFideId "2507498"]
[BlackFideId "1189654"]
[EventType "swiss"]

1.e4 e5 2.Nf3 Nc6 3.Bc4 Nf6 4.d3 Be7 5.O-O O-O 6.Bb3 d5 7.exd5 Nxd5 8.Re1 
Bg4 9.Nc3 Nf4 10.Bxf4 exf4 11.Ne4 Nd4 12.Ned2 Bf6 13.c3 Nxb3 14.Nxb3 Qd5 
15.d4 Rad8 16.Nc5 g6 17.Nd3 g5 18.Nc5 Rfe8 19.Qd3 Rxe1+ 20.Rxe1 Kg7 21.Ne4
Qf5 22.h3 Bh5 23.b4 Re8 24.Nc5 Rxe1+ 25.Nxe1 Qd5 26.a4 b6 27.Ne4 Be7 28.f3
Bg6 29.Qc2 h5 30.Qe2 c6 31.Kf1 Bd8 32.Nd2 Qa2 33.Nc4 Qxa4 34.Nd6 Qb3 35.
Qe5+ f6 36.Nf5+ Bxf5 37.Qxf5 Qc4+ 38.Nd3 Be7 39.Kf2 Qxc3 40.Qe4 Bxb4 41.
Nxb4 Qxb4 42.Qxc6 Qxd4+ 43.Kf1 a5 44.Qb7+ Kg6 45.Qa8 Kf5 46.Qg8 a4 47.h4 
gxh4 48.Qh7+ Ke6 49.Qxh5 Qc4+ 50.Kf2 Qc5+ 0-1

[Event "25th EY BU14 2015"]
[Site "Porec CRO"]
[Date "2015.09.22"]
[Round "2.22"]
[White "Fakhrutdinov, Timur"]
[Black "Coiffait, Pierre-Basile"]
[Result "1-0"]
[WhiteElo "2305"]
[BlackElo "1980"]
[EventDate "2015.09.21"]
[WhiteTitle "FM"]
[WhiteFideId "24176702"]
[BlackFideId "20665342"]
[EventType "swiss"]

1.e4 e5 2.Nf3 Nc6 3.Bc4 Bc5 4.c3 Nf6 5.d4 exd4 6.cxd4 Bb4+ 7.Bd2 Bxd2+ 8.
Nbxd2 Nxe4 9.Nxe4 d5 10.Bd3 dxe4 11.Bxe4 Ne7 12.O-O c6 13.Re1 O-O 14.Qb3 
Qd6 15.Rad1 g6 16.Ne5 Be6 17.Qxb7 Rfb8 18.Qa6 Rb6 19.Qa4 Rxb2 20.Nxc6 Nd5 
21.Ne7+ Kg7 22.Nxd5 Bxd5 23.Qa5 Rd8 24.a3 Bb3 25.Rd3 Bc4 26.Rc3 Bd5 27.g3 
Re8 28.Rce3 Qf6 29.Rf3 Qe6 30.Rfe3 Qf6 31.f4 Bxe4 32.Rxe4 Qc6 33.d5 Qc2 
34.R1e2 Qc1+ 35.Re1 Qc2 36.R1e2 Rb1+ 37.Kf2 Qc1 38.Rxe8 Qg1+ 39.Kf3 Rb3+ 
40.Ke4 Qb1+ 41.Kd4 Qd3+ 42.Kc5 Rxa3 43.Qb4 Qa6 44.Rb8 Ra5+ 45.Rb5 Qc8+ 46.
Kd4 Ra1 47.Qc3 Rd1+ 48.Rd2 1-0

[Event "25th EY BU14 2015"]
[Site "Porec CRO"]
[Date "2015.09.23"]
[Round "3.5"]
[White "Fieberg, Samuel"]
[Black "Sonis, Francesco"]
[Result "1/2-1/2"]
[WhiteElo "2153"]
[BlackElo "2283"]
[EventDate "2015.09.21"]
[BlackTitle "FM"]
[WhiteFideId "12901717"]
[BlackFideId "895733"]
[EventType "swiss"]

1.e4 e5 2.Nf3 Nc6 3.Bc4 Bc5 4.c3 Nf6 5.d3 a6 6.Bb3 O-O 7.O-O d6 8.Nbd2 Ba7
9.h3 Be6 10.Re1 Re8 11.Nf1 Nh5 12.Bc2 Qf6 13.d4 Bc8 14.Bg5 Qg6 15.Kh2 h6 
16.Be3 Qf6 17.Kg1 Nf4 18.Ng3 g5 19.d5 Ne7 20.Nh2 Qg6 21.Qf3 Nexd5 22.exd5 
Qxc2 23.Bxf4 gxf4 24.Ne4 Bf5 25.Re2 Qa4 26.Ng4 Kg7 27.Ngf6 Rh8 28.g3 Bxe4 
29.Rxe4 Qc2 30.Nh5+ Kf8 31.gxf4 Rg8+ 32.Kh1 f5 33.Re2 e4 34.Rxc2 exf3 35.
Rg1 Rxg1+ 36.Kxg1 Re8 37.Kf1 Re4 38.Rd2 Bb6 39.Nf6 Rxf4 40.Nd7+ Ke7 41.
Nxb6 cxb6 42.Rd3 Kf6 43.Re3 Re4 44.Rxf3 f4 45.Rd3 Ke5 46.b3 b5 47.a3 a5 
48.Kg2 a4 49.Rd2 axb3 50.Rb2 Rc4 51.Rxb3 Rc5 52.Kf3 h5 53.Ke2 Rxd5 54.f3 
Kf6 55.h4 Re5+ 56.Kd3 Re3+ 57.Kd4 Rxf3 58.Rxb5 Rf1 59.Ke4 f3 60.Rxh5 f2 
61.Kf3 Ra1 62.Kxf2 Rxa3 63.Rb5 Rxc3 64.Rxb7 1/2-1/2

[Event "25th EY BU14 2015"]
[Site "Porec CRO"]
[Date "2015.09.25"]
[Round "5.43"]
[White "Kukas, Oliver"]
[Black "Borzan, Andrej"]
[Result "1-0"]
[WhiteElo "1791"]
[BlackElo "1540"]
[EventDate "2015.09.21"]
[WhiteFideId "14541106"]
[BlackFideId "14545276"]
[EventType "swiss"]

1.e4 e5 2.Nf3 Nc6 3.Bc4 Bc5 4.c3 Nf6 5.d3 h6 6.Bb3 d6 7.O-O Bg4 8.h3 Bh5 
9.Nbd2 Qd7 10.Re1 O-O-O 11.Bc2 g5 12.b4 Bb6 13.a4 a6 14.Nc4 g4 15.hxg4 
Qxg4 16.Nxb6+ cxb6 17.Nh2 Qg6 18.Qd2 Ng4 19.Nxg4 Bxg4 20.Qe3 h5 21.b5 Nb8 
22.bxa6 Nxa6 23.Bd1 Bxd1 24.Rxd1 Rdg8 25.Qh3+ Qg4 26.Qxg4+ Rxg4 27.Kf1 
Rhg8 28.g3 h4 29.gxh4 Rxh4 30.Ke2 Rh3 31.Be3 Nc5 32.a5 bxa5 33.Bxc5 dxc5 
34.Rxa5 Kc7 35.Rxc5+ Kd6 36.Rd5+ Ke6 37.Rb1 Rb8 38.Rb6+ Ke7 39.Rxe5+ Kd7 
40.Rd5+ Ke7 41.Rdb5 Rh7 42.Rxb7+ Rxb7 43.Rxb7+ Ke6 44.Ke3 Rh5 45.Rb6+ Ke7 
46.d4 Ra5 47.d5 Ra3 48.Kd4 Ra2 49.f4 1-0

[Event "25th EY GU18 2015"]
[Site "Porec CRO"]
[Date "2015.09.21"]
[Round "1.3"]
[White "Dadello, Al"]
[Black "Blagojevic, Tijana"]
[Result "0-1"]
[WhiteElo "1978"]
[BlackElo "2307"]
[EventDate "2015.09.21"]
[BlackTitle "WIM"]
[WhiteFideId "1177362"]
[BlackFideId "16500270"]
[EventType "swiss"]

1.e4 e5 2.Nf3 Nc6 3.Bc4 Bc5 4.c3 Nf6 5.d3 O-O 6.Nbd2 d5 7.exd5 Nxd5 8.Ne4 
Be7 9.O-O Nb6 10.Bb3 Bf5 11.Qe2 Qd7 12.Rd1 Kh8 13.Ng3 Bg4 14.h3 Bxf3 15.
Qxf3 f5 16.Ne2 Rae8 17.d4 e4 18.Qg3 Na5 19.Bf4 Bd6 20.Bc2 Nac4 21.b3 Na3 
22.Rac1 Nd5 23.Bxd6 Qxd6 24.Qxd6 cxd6 25.c4 Nb4 26.Bb1 a6 27.Nc3 Rc8 28.
Nd5 Nxd5 29.cxd5 Nb5 30.Rc4 Nc3 31.Re1 Nxd5 32.Rec1 Nb6 33.Rxc8 Rxc8 34.
Rxc8+ Nxc8 35.f3 d5 36.g4 g6 37.gxf5 gxf5 38.Kf2 Nd6 39.fxe4 fxe4 40.Ke3 
Nf5+ 41.Kf4 Nxd4 42.Ke5 e3 0-1

[Event "25th EY GU18 2015"]
[Site "Porec CRO"]
[Date "2015.09.22"]
[Round "2.5"]
[White "Janska, Jitka"]
[Black "Arvai, E"]
[Result "1-0"]
[WhiteElo "2090"]
[BlackElo "2006"]
[EventDate "2015.09.21"]
[WhiteTitle "WFM"]
[WhiteFideId "345563"]
[BlackFideId "732583"]
[EventType "swiss"]

1.e4 e5 2.Nf3 Nc6 3.Bc4 Bc5 4.c3 d6 5.O-O Bb6 6.d4 Qe7 7.a4 a6 8.h3 Nf6 9.
Re1 O-O 10.d5 Nb8 11.a5 Ba7 12.Bg5 h6 13.Be3 Nh5 14.Nbd2 Nd7 15.Bf1 Nf4 
16.Nc4 Nf6 17.Kh2 g5 18.g3 Ng6 19.Bxa7 Rxa7 20.Qd3 Kh7 21.Ne3 Qe8 22.Nf5 
Bxf5 23.exf5 Ne7 24.c4 Ra8 25.Qb3 Qd7 26.g4 c6 27.dxc6 bxc6 28.Qc3 Qc7 29.
c5 Ned5 30.cxd6 Qxd6 31.Qxe5 Qb4 32.Qd4 Qd6+ 33.Kg1 Rfb8 34.Rac1 Rb4 35.
Qe5 Qd7 36.Qe2 Qb7 37.Rc2 Rb8 38.Qxa6 Qxa6 39.Bxa6 Rxb2 40.Rxc6 Ra2 41.Bc4
Rxa5 42.Rd6 Kg7 43.Nd4 Rc8 44.Nb3 Ra3 45.Bxd5 Nxd5 46.Rxd5 Rxb3 47.Re3 Rb2
48.Rd7 Rc1+ 49.Kg2 Rcc2 50.Rf3 Rc6 51.Kg3 Rb1 52.Re3 Rcc1 53.Kf3 Rh1 54.
Ree7 Rxh3+ 55.Kg2 Rhh1 56.Rxf7+ Kg8 57.f6 Rhg1+ 58.Kf3 Rb3+ 59.Ke4 Rxg4+ 
60.Kf5 Rb5+ 61.Kg6 Rb8 62.Rg7+ Kf8 63.Rdf7+ 1-0

[Event "25th EY GU18 2015"]
[Site "Porec CRO"]
[Date "2015.09.24"]
[Round "4.6"]
[White "Janska, Jitka"]
[Black "Hiebler, L"]
[Result "0-1"]
[WhiteElo "2090"]
[BlackElo "1956"]
[EventDate "2015.09.21"]
[WhiteTitle "WFM"]
[WhiteFideId "345563"]
[BlackFideId "1617621"]
[EventType "swiss"]

1.e4 e5 2.Nf3 Nc6 3.Bc4 Bc5 4.c3 Nf6 5.d4 exd4 6.cxd4 Bb4+ 7.Nbd2 d5 8.
exd5 Nxd5 9.a3 Bxd2+ 10.Bxd2 O-O 11.O-O Nb6 12.Ba2 Bg4 13.Bc3 Ne7 14.Bb4 
a5 15.Bc5 Nd7 16.Qb3 Nxc5 17.dxc5 Bxf3 18.Qxf3 Nc6 19.Rad1 Qe7 20.Rfe1 
Qxc5 21.Rd5 Qc2 22.Rd7 Qxb2 23.Bxf7+ Kh8 24.Qb3 Qxb3 25.Bxb3 Rae8 26.Red1 
Rc8 27.Rc1 Rfd8 28.Rcd1 Rxd7 29.Rxd7 Ne5 30.Re7 Ng6 31.Rf7 b5 32.Rf5 c5 
33.Kf1 c4 34.Bd1 b4 35.Rxa5 b3 36.Rb5 h6 37.Rb6 Ne5 38.Ke2 c3 39.Rxb3 c2 
40.Bxc2 Rxc2+ 41.Ke3 Ng4+ 42.Kf4 Nxh2 43.Rh3 Nf1 44.Kf3 Ra2 45.a4 Nd2+ 46.
Ke3 Nc4+ 47.Kd4 Nb6 48.Rf3 Rxa4+ 49.Ke5 Rg4 50.g3 Nd7+ 51.Kf5 Nf6 52.Rd3 
Kh7 53.f4 Kg8 54.Ra3 Kf7 55.Ra7+ Ke8 56.Ra8+ Kd7 57.Ra7+ Kc8 58.Ra3 Kb7 
59.Re3 h5 60.Ke6 Kc6 61.Rc3+ Kb5 62.Ra3 Ne4 63.f5 Rxg3 0-1

[Event "25th EY GU16 2015"]
[Site "Porec CRO"]
[Date "2015.09.21"]
[Round "1.7"]
[White "Keetman, Maaike"]
[Black "Varney, Zoe"]
[Result "1-0"]
[WhiteElo "2115"]
[BlackElo "1755"]
[EventDate "2015.09.21"]
[WhiteFideId "1033697"]
[BlackFideId "436135"]
[EventType "swiss"]

1.e4 e5 2.Nf3 Nc6 3.Bc4 Bc5 4.d3 h6 5.O-O d6 6.c3 Bg4 7.Nbd2 Nf6 8.Re1 O-O
9.h3 Bh5 10.Nf1 Re8 11.Ng3 Bg6 12.b4 Bb6 13.Qb3 a5 14.Be3 Bxe3 15.fxe3 
axb4 16.cxb4 Na7 17.Qb2 b5 18.Bb3 Nc6 19.Qc3 Ne7 20.Rac1 c6 21.Nh4 Bh7 22.
Rf1 Qb6 23.d4 exd4 24.exd4 d5 25.Rxf6 gxf6 26.Nh5 Bxe4 27.Nxf6+ Kg7 28.
Nxe4 dxe4 29.Rf1 Rf8 30.Qg3+ Kh7 31.Qe5 Ng6 32.Nxg6 Kxg6 33.Rf6+ Kh7 34.
Bxf7 Rad8 35.Rxh6+ Kxh6 36.Qf6+ Kh7 37.Qg6+ Kh8 38.Qh6# 1-0

[Event "25th EY GU16 2015"]
[Site "Porec CRO"]
[Date "2015.09.25"]
[Round "5.10"]
[White "Karykowska, Anna"]
[Black "Waechter, Nathalie"]
[Result "1/2-1/2"]
[WhiteElo "1748"]
[BlackElo "1984"]
[EventDate "2015.09.21"]
[WhiteFideId "1172751"]
[BlackFideId "12921033"]
[EventType "swiss"]

1.e4 e5 2.Nf3 Nc6 3.Bc4 Bc5 4.c3 Nf6 5.d4 exd4 6.cxd4 Bb4+ 7.Bd2 Bxd2+ 8.
Nbxd2 d5 9.exd5 Nxd5 10.Qb3 Nce7 11.O-O c6 12.Rfe1 O-O 13.Ne4 b5 14.Bxd5 
Nxd5 15.Rac1 Ne7 16.Qb4 Be6 17.Neg5 Nd5 18.Qd2 Bd7 19.Ne4 f6 20.Nc3 Bg4 
21.Nxd5 Qxd5 22.Re3 Rac8 23.h3 Bxf3 24.Rxf3 c5 25.Rfc3 c4 26.b3 Rfd8 27.
bxc4 bxc4 28.Qc2 Qxd4 29.Rxc4 Rxc4 30.Qxc4+ Qxc4 31.Rxc4 Rd1+ 32.Kh2 Rd7 
33.Kg3 Rd3+ 34.Kf4 Ra3 35.Rc2 Kf7 36.Ke4 Ke6 37.Rc6+ Kd7 38.Rc2 Kd6 39.Kd4
Ra5 40.Kc4 Rc5+ 41.Kb3 Rxc2 42.Kxc2 Kc5 43.Kc3 a6 44.f3 h6 45.g3 h5 46.g4 
hxg4 47.fxg4 g5 48.a3 Kb5 49.Kb3 a5 50.a4+ Kc5 1/2-1/2

[Event "25th EY GU16 2015"]
[Site "Porec CRO"]
[Date "2015.09.27"]
[Round "6.12"]
[White "Temel, Burcu Melis"]
[Black "Stanciu, Andreea-Briana"]
[Result "1/2-1/2"]
[WhiteElo "1851"]
[BlackElo "1985"]
[EventDate "2015.09.21"]
[WhiteTitle "WCM"]
[WhiteFideId "6345492"]
[BlackFideId "1233769"]
[EventType "swiss"]

1.e4 e5 2.Nf3 Nc6 3.Bc4 Bc5 4.O-O d6 5.c3 Nf6 6.d3 h6 7.h3 O-O 8.Bb3 a6 9.
Nbd2 Ba7 10.Re1 Nh5 11.Nf1 Qf6 12.Be3 Nf4 13.d4 Ne7 14.Bxf4 Qxf4 15.dxe5 
dxe5 16.Qd2 Qxd2 17.N1xd2 Ng6 18.Rad1 Re8 19.Nc4 Be6 20.Na5 Bxb3 21.axb3 
Bb6 22.Nc4 Ba7 23.Na5 Bb6 24.Nc4 Ba7 25.Na5 Bb6 26.Nc4 1/2-1/2

[Event "25th EY GU16 2015"]
[Site "Porec CRO"]
[Date "2015.09.27"]
[Round "6.18"]
[White "Mican, Karmela"]
[Black "Ganzova, Veronika"]
[Result "1-0"]
[WhiteElo "1814"]
[BlackElo "1696"]
[EventDate "2015.09.21"]
[WhiteFideId "14541270"]
[BlackFideId "14941597"]
[EventType "swiss"]

1.e4 e5 2.Nf3 Nc6 3.Bc4 Bc5 4.c3 Nf6 5.d3 O-O 6.O-O d5 7.exd5 Nxd5 8.h3 
Re8 9.Re1 Nb6 10.Bb3 Bf5 11.Ng5 Bg6 12.Qf3 Re7 13.Ne4 Bxe4 14.Rxe4 Rd7 15.
Rg4 a5 16.a4 Qe8 17.Nd2 Kh8 18.Ne4 Be7 19.Bh6 Bf8 20.Nf6 Qe7 21.Nxd7 Nxd7 
22.Bd2 Nf6 23.Bg5 Qd6 24.Bxf6 Qxf6 25.Qxf6 gxf6 26.Bxf7 Bc5 27.Re4 Rd8 28.
d4 exd4 29.Re8+ Kg7 30.Rxd8 Nxd8 31.Bd5 dxc3 32.bxc3 b6 33.Kf1 Bd6 34.g3 
Be5 35.Rc1 Kg6 36.f4 Bd6 37.Re1 Nf7 38.Bxf7+ Kxf7 39.c4 Kg6 40.Kf2 f5 41.
Kf3 Kf6 42.g4 h6 43.Re2 fxg4+ 44.hxg4 Kf7 45.Ke4 1-0

[Event "Chigorin Memorial 2015"]
[Site "St Petersburg RUS"]
[Date "2015.10.04"]
[Round "2.7"]
[White "Andriasian, Z"]
[Black "Zhurikhin, A"]
[Result "1-0"]
[WhiteElo "2591"]
[BlackElo "2309"]
[EventDate "2015.10.03"]
[WhiteTitle "GM"]
[BlackTitle "FM"]
[WhiteFideId "13302000"]
[BlackFideId "4139569"]
[EventType "swiss"]

1.e4 e5 2.Nf3 Nc6 3.Bc4 Nf6 4.d3 Bc5 5.O-O O-O 6.Nbd2 d6 7.c3 Bb6 8.Bb3 
Ne7 9.Nc4 Ng6 10.h3 h6 11.a4 c6 12.Nxb6 axb6 13.Be3 d5 14.Re1 c5 15.Bc2 
Re8 16.Rb1 Qc7 17.b4 c4 18.dxc4 Nxe4 19.Qd3 Nf6 20.Nd2 Nh4 21.Qf1 Bf5 22.
Bd3 Red8 23.cxd5 Nxd5 24.Ne4 Bxe4 25.Bxe4 Qxc3 26.Qb5 Qc6 27.Qxc6 bxc6 28.
b5 Rxa4 29.Bxd5 Rxd5 30.bxc6 Rc4 31.Rec1 Rxc1+ 32.Rxc1 Rd8 33.Bxb6 Rc8 34.
c7 Nf5 35.Rc5 f6 36.f4 Kf7 37.fxe5 fxe5 38.Rd5 Ke6 39.Rd8 Ne7 40.Kf2 Kf7 
41.Kf3 Ke6 42.g4 1-0

[Event "Chigorin Memorial 2015"]
[Site "St Petersburg RUS"]
[Date "2015.10.04"]
[Round "2.24"]
[White "Pogorelskikh, S"]
[Black "Kharchenko, B"]
[Result "0-1"]
[WhiteElo "2272"]
[BlackElo "2500"]
[EventDate "2015.10.03"]
[BlackTitle "GM"]
[WhiteFideId "4187024"]
[BlackFideId "14113210"]
[EventType "swiss"]

1.e4 e5 2.Nf3 Nc6 3.Bc4 Nf6 4.d3 Be7 5.Nc3 d6 6.a3 h6 7.h3 Be6 8.Bxe6 fxe6
9.d4 exd4 10.Nxd4 Qd7 11.O-O O-O 12.Be3 Nxd4 13.Qxd4 e5 14.Qc4+ Kh8 15.
Rad1 c6 16.f4 b5 17.Qb3 Qc7 18.fxe5 dxe5 19.Qe6 Rae8 20.Qf5 b4 21.axb4 
Bxb4 22.Qg6 Bxc3 23.bxc3 Qf7 24.Qf5 Qc4 25.Qg6 Qxe4 26.Qxe4 Nxe4 27.Rxf8+ 
Rxf8 28.Bxa7 Nxc3 29.Rd7 Kg8 30.Re7 Rf7 31.Re8+ Kh7 32.Bb8 e4 33.Be5 Nd5 
34.Bd4 Rf4 35.c4 Nf6 36.Bxf6 gxf6 37.Re6 e3 38.Rxc6 e2 0-1

[Event "Chigorin Memorial 2015"]
[Site "St Petersburg RUS"]
[Date "2015.10.04"]
[Round "2.129"]
[White "Gadzhiev, Farid"]
[Black "Lazhevskaya, Z"]
[Result "1-0"]
[WhiteElo "1894"]
[BlackElo "2098"]
[EventDate "2015.10.03"]
[WhiteFideId "24194450"]
[BlackFideId "4143981"]
[EventType "swiss"]

1.e4 e5 2.Nf3 Nc6 3.Bc4 Nf6 4.Ng5 d5 5.exd5 Na5 6.Bb5+ c6 7.dxc6 bxc6 8.
Bd3 h6 9.Ne4 Nd5 10.O-O Be6 11.Re1 Be7 12.Ng3 Nf4 13.Nh5 Nxh5 14.Qxh5 Bf6 
15.Nc3 g6 16.Qf3 Rb8 17.b3 O-O 18.Ba3 Re8 19.Bd6 Bg5 20.Bxb8 Qxb8 21.Ne4 
Bd5 22.Nf6+ Bxf6 23.Qxf6 e4 24.Bf1 Re6 25.Qh4 Re5 26.c4 Be6 27.Rxe4 Rh5 
28.Qg3 Qd8 29.Rxe6 Rg5 30.Qd6 Qb6 1-0

[Event "Chigorin Mem Blitz 2015"]
[Site "St Petersburg RUS"]
[Date "2015.10.02"]
[Round "2.4"]
[White "Demchenko, A"]
[Black "Solovyov, V"]
[Result "1-0"]
[WhiteElo "2595"]
[BlackElo "2312"]
[EventDate "2015.10.02"]
[WhiteTitle "GM"]
[WhiteFideId "4160258"]
[BlackFideId "4102754"]

1.e4 e5 2.Nf3 Nc6 3.Bc4 Bc5 4.d3 Nf6 5.Bg5 h6 6.Bh4 Be7 7.O-O d6 8.a4 O-O 
9.c3 Re8 10.b4 a5 11.b5 Nb8 12.Nbd2 Nbd7 13.Bg3 Nf8 14.Qb3 Be6 15.Bxe6 
Nxe6 16.d4 Nd7 17.Rad1 Bf6 18.Nc4 Qe7 19.Ne3 c6 20.Nf5 Qf8 21.dxe5 Nec5 
22.Qc2 Nxe5 23.Nxd6 Nxf3+ 24.gxf3 Red8 25.bxc6 bxc6 26.e5 Be7 27.Nf5 Ne6 
28.f4 Bc5 29.Qe4 Rac8 30.Bh4 Rxd1 31.Rxd1 Qe8 32.Kh1 Bf8 33.Qc4 c5 34.Nd6 
Bxd6 35.Rxd6 Rb8 36.Kg2 Rb2 37.Qe4 g5 38.fxg5 hxg5 39.Bg3 Qb8 40.h4 Qb3 
41.hxg5 Ra2 42.g6 fxg6 43.Qxg6+ Ng7 44.Rd8# 1-0

[Event "Chigorin Mem Blitz 2015"]
[Site "St Petersburg RUS"]
[Date "2015.10.02"]
[Round "3.9"]
[White "Chekhov, S"]
[Black "Aleksandrov, A"]
[Result "0-1"]
[WhiteElo "2488"]
[BlackElo "2606"]
[EventDate "2015.10.02"]
[WhiteTitle "IM"]
[BlackTitle "GM"]
[WhiteFideId "4195639"]
[BlackFideId "13500139"]

1.e4 e5 2.Nf3 Nc6 3.Bc4 Bc5 4.c3 Nf6 5.d4 exd4 6.cxd4 Bb4+ 7.Bd2 Nxe4 8.
Bxb4 Nxb4 9.Bxf7+ Kxf7 10.Qb3+ Kf8 11.Qxb4+ Qe7 12.Qxe7+ Kxe7 13.O-O Re8 
14.Re1 Kf8 15.Na3 Nf6 16.Nb5 Nd5 17.Rec1 c6 18.Nd6 Re6 19.Nc4 d6 20.Re1 
Rg6 21.Nfd2 b5 22.Ne3 Nf4 23.g3 Nd3 24.Reb1 a5 25.a4 b4 26.b3 c5 27.d5 Ne5
28.Ndc4 Nxc4 29.Nxc4 Bb7 30.Ne3 Re8 31.Rd1 Ba6 32.Re1 h5 33.h4 Re4 34.Kh2 
Rf6 35.f4 Rd4 36.Rad1 Bd3 37.Rd2 Ba6 38.Rxd4 cxd4 39.Nc2 d3 40.Nd4 Rf7 41.
Ne6+ Kg8 42.Ng5 Rf8 43.Kg2 g6 44.Kf3 Rc8 45.Ke3 Rc3 46.Kd2 Rxb3 47.Re8+ 
Kg7 48.Ra8 Bc4 49.Ra7+ Kf8 50.Ra8+ Ke7 51.Ra7+ Ke8 52.Ra8+ Kd7 53.Ra7+ Kc8
54.Ra8+ Kb7 55.Rxa5 Rb2+ 56.Kc1 d2+ 57.Kxb2 d1=Q 58.Ne6 Qd2+ 59.Ka1 Qc1# 
0-1

[Event "Chigorin Mem Blitz 2015"]
[Site "St Petersburg RUS"]
[Date "2015.10.02"]
[Round "7.7"]
[White "Eliseev, U"]
[Black "Smirnov, Timofey"]
[Result "1-0"]
[WhiteElo "2536"]
[BlackElo "2289"]
[EventDate "2015.10.02"]
[WhiteTitle "GM"]
[WhiteFideId "24131920"]
[BlackFideId "24176427"]

1.e4 e5 2.Nf3 Nc6 3.Bc4 Bc5 4.O-O Nf6 5.d3 O-O 6.h3 h6 7.c3 d6 8.Bb3 Bb6 
9.Nbd2 Be6 10.Nc4 Qe7 11.Re1 Nd7 12.d4 Bxc4 13.Bxc4 Kh8 14.Be3 Nd8 15.a4 
c6 16.a5 Bc7 17.Qb3 f5 18.exf5 e4 19.Bf4 Rxf5 20.Bg3 Rc8 21.Nh4 Rf6 22.d5 
Nc5 23.Qc2 Nf7 24.b4 Nd7 25.Rxe4 Qf8 26.Re6 Nde5 27.Rxf6 gxf6 28.dxc6 bxc6
29.Qf5 Re8 30.Qxf6+ Qg7 31.Qxg7+ Kxg7 32.Bb3 d5 33.Ba4 Re6 34.Nf5+ Kf6 35.
Nd4 Rd6 36.Re1 Rd8 37.Bh4+ 1-0

[Event "Chigorin Mem Blitz 2015"]
[Site "St Petersburg RUS"]
[Date "2015.10.02"]
[Round "8.1"]
[White "Demchenko, A"]
[Black "Goganov, A"]
[Result "1-0"]
[WhiteElo "2595"]
[BlackElo "2603"]
[EventDate "2015.10.02"]
[WhiteTitle "GM"]
[BlackTitle "GM"]
[WhiteFideId "4160258"]
[BlackFideId "24109959"]

1.e4 e5 2.Nf3 Nc6 3.Bc4 Bc5 4.d3 Nf6 5.Bg5 h6 6.Bh4 Be7 7.O-O d6 8.a4 O-O 
9.c3 Be6 10.Bxe6 fxe6 11.b4 Nh5 12.Bg3 Nf4 13.b5 Nb8 14.d4 Nd7 15.Qb3 Ne2+
16.Kh1 Nxg3+ 17.hxg3 Rf6 18.Na3 Qe8 19.Rad1 Qh5+ 20.Kg1 Raf8 21.Rd3 Kh8 
22.Re3 Rg6 23.Nc4 exd4 24.cxd4 Nf6 25.Nh2 Ng4 26.Nxg4 Qxg4 27.Qd1 Bd8 28.
Qxg4 Rxg4 29.Na5 b6 30.Nc6 Bg5 31.Re2 h5 32.Ra1 h4 33.gxh4 Bxh4 34.g3 Bf6 
35.Kg2 Ra8 36.a5 bxa5 37.Rxa5 Kg8 38.Kf3 Rg6 39.Rea2 Rf8 40.Ke2 Rh6 41.
Rxa7 Rh2 42.Ra8 Bxd4 43.Rxf8+ 1-0

[Event "Chigorin Mem Blitz 2015"]
[Site "St Petersburg RUS"]
[Date "2015.10.02"]
[Round "11.6"]
[White "Eliseev, U"]
[Black "Goganov, A"]
[Result "0-1"]
[WhiteElo "2536"]
[BlackElo "2603"]
[EventDate "2015.10.02"]
[WhiteTitle "GM"]
[BlackTitle "GM"]
[WhiteFideId "24131920"]
[BlackFideId "24109959"]

1.e4 e5 2.Nf3 Nc6 3.Bc4 Bc5 4.O-O Nf6 5.d3 O-O 6.h3 d6 7.c3 a6 8.Bb3 Ba7 
9.Nbd2 Be6 10.Re1 Bxb3 11.Qxb3 Qd7 12.Nf1 Rfe8 13.Bg5 Nh5 14.g4 h6 15.gxh5
Qxh3 16.N1h2 hxg5 17.Qxf7+ Kxf7 18.Nxg5+ Ke7 19.Nxh3 Rh8 20.Kg2 Rxh5 21.
Ng4 Rah8 22.Rh1 Nd8 23.Rh2 Ne6 24.Rah1 g6 25.Kg3 b5 26.a4 bxa4 27.Ra1 Nc5 
28.f3 Nxd3 29.Rxa4 Nxb2 30.Rxa6 Bb6 31.Ng5 Rxh2 32.Nxh2 Nd1 33.Ng4 Nxc3 
34.Ra1 Ne2+ 35.Kg2 Nf4+ 36.Kg3 Bc5 37.Rb1 Ra8 38.Rh1 Ra2 39.Rh7+ Kd8 40.
Nf7+ Kc8 41.Rh8+ Kb7 42.Nd8+ Kb6 43.Kh4 d5 44.Rh7 d4 45.Nxe5 d3 46.Kg4 g5 
47.Kxg5 0-1

[Event "Lev Gutman 70 GM 2015"]
[Site "Lingen GER"]
[Date "2015.09.29"]
[Round "8.1"]
[White "Pap, M"]
[Black "Halkias, S"]
[Result "1/2-1/2"]
[WhiteElo "2488"]
[BlackElo "2538"]
[EventDate "2015.09.22"]
[WhiteTitle "GM"]
[BlackTitle "GM"]
[WhiteFideId "921610"]
[BlackFideId "4201809"]

1.e4 e5 2.Nf3 Nc6 3.Bc4 Nf6 4.d4 exd4 5.e5 Ne4 6.Qe2 Nc5 7.c3 d3 8.Qe3 Be7
9.O-O O-O 10.b4 Ne6 11.Rd1 f6 12.Rxd3 Qe8 13.Na3 a6 14.Bd5 Kh8 15.Nc4 Nxe5
16.Ncxe5 fxe5 17.Bxe6 dxe6 18.Nxe5 Bd6 19.c4 Bxb4 20.Bb2 Be7 21.Rad1 Kg8 
22.Qg3 Bf6 23.Ba3 Be7 24.Bb2 Bf6 25.h4 c5 26.Qe3 b6 27.Rd6 Bxh4 28.Nf3 Be7
29.Rxb6 Ra7 30.Re1 Bd8 31.Rb8 Bc7 32.Rb3 Bd6 33.Be5 Bxe5 34.Nxe5 Rc7 35.
Qe4 Qh5 36.Rb6 Qf5 37.Qe3 Rd8 38.Qg3 Rb7 39.Nc6 Re8 40.Rxb7 Bxb7 41.Ne5 
Rd8 42.Ng4 Qg5 43.f3 h5 44.Qe5 Qg6 45.Qc7 Rd2 46.Qxb7 hxg4 47.Qb8+ Kh7 48.
Qh2+ Qh6 49.fxg4 Qxh2+ 50.Kxh2 Rxa2 51.Rxe6 Rc2 1/2-1/2

[Event "152nd MGU Open 2015"]
[Site "Sofia BUL"]
[Date "2015.10.04"]
[Round "6.5"]
[White "Krastev, Krasimir Naidenov"]
[Black "Georgiev, Nikolay"]
[Result "0-1"]
[WhiteElo "1728"]
[BlackElo "1582"]
[EventDate "2015.10.03"]
[WhiteFideId "2907321"]
[BlackFideId "2925613"]

1.e4 e5 2.Nf3 Nc6 3.Bc4 Nf6 4.d3 Bc5 5.O-O d6 6.h3 h6 7.Re1 Be6 8.Bxe6 
fxe6 9.c3 O-O 10.Qb3 Qc8 11.Nbd2 a6 12.Nf1 b5 13.Be3 Bxe3 14.Nxe3 Na5 15.
Qd1 c5 16.b4 Nc6 17.Qb3 Qe8 18.a4 bxa4 19.Qxa4 cxb4 20.cxb4 a5 21.b5 Nb4 
22.Red1 Nh5 23.Nc4 Rxf3 24.gxf3 Nf4 25.Ne3 Qh5 26.Qxb4 axb4 27.Rxa8+ Kh7 
28.Kf1 Qxf3 29.Rf8 Qh1# 0-1

[Event "Hong Kong Open 2015"]
[Site "Hong Kong HKG"]
[Date "2015.10.01"]
[Round "1.18"]
[White "Mahadevan, Aravind"]
[Black "Wang, Jiaqi"]
[Result "0-1"]
[WhiteElo "1454"]
[BlackElo "1942"]
[EventDate "2015.10.01"]
[WhiteFideId "6001998"]
[BlackFideId "8609128"]

1.e4 e5 2.Nf3 Nc6 3.Bc4 Bc5 4.c3 Nf6 5.d4 exd4 6.cxd4 Bb4+ 7.Bd2 Bxd2+ 8.
Nbxd2 d5 9.exd5 Nxd5 10.Qb3 Nce7 11.O-O O-O 12.Rfe1 b6 13.Rac1 Bb7 14.Bd3 
Ng6 15.Bxg6 hxg6 16.Rc4 a5 17.Rec1 Qd6 18.Ne4 Qf4 19.Ng3 Rfe8 20.R4c2 Re7 
21.Ne2 Rxe2 22.h3 Rae8 23.Qb5 R2e7 24.Ne5 Qxd4 25.Nxg6 fxg6 26.Rc4 Re1+ 
27.Rxe1 Rxe1+ 28.Kh2 Qxf2 29.Qd7 Qg1+ 30.Kg3 Re3+ 31.Kg4 Qxg2+ 0-1

[Event "Hong Kong Open 2015"]
[Site "Hong Kong HKG"]
[Date "2015.10.02"]
[Round "3.6"]
[White "Chong Chor Yuen"]
[Black "Vijayalakshmi, S"]
[Result "1-0"]
[WhiteElo "1986"]
[BlackElo "2360"]
[EventDate "2015.10.01"]
[BlackTitle "IM"]
[WhiteFideId "6000320"]
[BlackFideId "5004098"]

1.e4 e5 2.Nf3 Nc6 3.Bc4 Bc5 4.c3 Nf6 5.d4 exd4 6.cxd4 Bb4+ 7.Nc3 Nxe4 8.
O-O Bxc3 9.d5 Bf6 10.Re1 Ne7 11.Rxe4 d6 12.Bg5 Bxg5 13.Nxg5 h6 14.Qe2 hxg5
15.Re1 Be6 16.dxe6 f6 17.Re3 Kf8 18.Qd3 d5 19.Rh3 Rxh3 20.Qxh3 Kg8 21.Bd3 
g6 22.Qg4 Qd6 23.g3 Kg7 24.h4 gxh4 25.gxh4 Kh6 26.Qd4 Rf8 27.Qxa7 Qb4 28.
Qe3+ Kg7 29.a3 Qxh4 30.Qc5 Qg5+ 31.Kf1 Nc6 32.Re3 f5 33.Qxd5 Rd8 34.Qc5 
Qe7 35.Qc3+ Nd4 36.b4 c6 37.Bc4 b6 38.a4 c5 39.bxc5 bxc5 40.Rd3 Rb8 41.Bb5
Rd8 42.Bd7 Qh4 43.Ke1 Rb8 44.Bb5 Qe4+ 45.Re3 Qb1+ 46.Kd2 Qa2+ 47.Ke1 Rh8 
48.e7 Rh1+ 49.Bf1 Qb1+ 50.Kd2 Rxf1 51.e8=N+ Kg8 52.Qc4+ Kf8 53.Qxc5+ Kg8 
54.Qd5+ Kf8 55.Qd6+ Kf7 56.Qf6+ 1-0